Online
Catalog

Milicia nacional y revolución burguesa : (Record no. 41220)

MARC details
000 -CABECERA
campo de control de longitud fija 01000nam a2200229 a 4500
001 - NÚMERO DE CONTROL
campo de control 000041731
005 - FECHA Y HORA DE LA ÚLTIMA TRANSACCIÓN
campo de control 20201002035725.0
008 - DATOS DE LONGITUD FIJA--INFORMACIÓN GENERAL
campo de control de longitud fija 131016s1978 sp 001 0 spa d
020 ## - NÚMERO INTERNACIONAL ESTÁNDAR DEL LIBRO
Número Internacional Estándar del Libro 8400037855
040 ## - FUENTE DE LA CATALOGACIÓN
Centro catalogador/agencia de origen DO-SdBNP
Lengua de catalogación spa
Centro/agencia transcriptor BNPHU
100 1# - ENTRADA PRINCIPAL--NOMBRE DE PERSONA
Nombre de persona Pérez Garzón, Juan Sisinio
9 (RLIN) 68569
245 10 - MENCIÓN DE TÍTULO
Título Milicia nacional y revolución burguesa :
Resto del título el prototipo madrileño : 1808-1874 /
Mención de responsabilidad, etc. Juan Sisinio Pérez Garzón ; prólogo de Manuel Espadas Burgos.
260 ## - PUBLICACIÓN, DISTRIBUCIÓN, ETC.
Lugar de publicación, distribución, etc. Madrid :
Nombre del editor, distribuidor, etc. C.S.I.C.,
Fecha de publicación, distribución, etc. 1978.
300 ## - DESCRIPCIÓN FÍSICA
Extensión v. (XXXII, 637) p. ;
Dimensiones 25 cm.
490 1# - MENCIÓN DE SERIE
Mención de serie Evolución socio-económica de la España moderna y contemporánea
500 ## - NOTA GENERAL
Nota general Incluye índice
504 ## - NOTA DE BIBLIOGRAFÍA, ETC.
Nota de bibliografía, etc. Incluye referencias bibliográficas y notas al pie de las páginas
700 1# - PUNTO DE ACCESO ADICIONAL--NOMBRE DE PERSONA
Nombre de persona Espadas Burgos, Manuel
Término indicativo de función/relación pról.
9 (RLIN) 15130
710 2# - PUNTO DE ACCESO ADICIONAL--NOMBRE DE ENTIDAD CORPORATIVA
Nombre de entidad corporativa o nombre de jurisdicción como elemento de entrada Instituto Jerónimo Zurita
9 (RLIN) 63954
710 2# - PUNTO DE ACCESO ADICIONAL--NOMBRE DE ENTIDAD CORPORATIVA
Nombre de entidad corporativa o nombre de jurisdicción como elemento de entrada Consejo superior de Investigaciones Científicas (España)
9 (RLIN) 68570
830 #0 - PUNTO DE ACCESO ADICIONAL DE SERIE-TÍTULO UNIFORME
Título uniforme Evolución socio-económica de la España moderna y contemporánea
9 (RLIN) 68571
Holdings
Estado de retiro Estado de pérdida Restricciones de uso No para préstamo Código de colección Localización permanente Ubicación/localización actual Ubicación en estantería Fecha de adquisición Número de inventario Total de préstamos Signatura topográfica completa Código de barras Fecha visto por última vez Precio válido a partir de Tipo de ítem Koha
        Monografías: Libros y Folletos General General Orden iniciada 16.10.2013 LF1   41731-10 25.06.2020 25.06.2020 No se presta

Powered by Koha